On Medicines and drugs
| Format: | Book |
|---|---|
| Published: |
Singapore :
Federal Publications ,
102p. , 20cm
|
| Series: | 101 Q&A
|
| Subjects: |
MARC
| LEADER | 00000cam a2200000 7i4500 | ||
|---|---|---|---|
| 001 | 0000005896 | ||
| 002 | 000006370 | ||
| 005 | 20000330.0 | ||
| 020 | |a 98101201245 | ||
| 090 | 0 | 0 | |a 615.1 |b ONE |
| 245 | 0 | 0 | |a On Medicines and drugs |c Dr C.L.Lee et al |
| 260 | |a Singapore : |b Federal Publications , |c 102p. , |c 20cm | ||
| 490 | 0 | |a 101 Q&A | |
| 650 | 0 | 0 | |a Drugs |x Questions and answers |x Medicines |x Questions and answers |
| 999 | |a 033985 |b BUKU |c PINJAMAN |e PERPUSTAKAAN KOMUNITI PETALING JAYA | ||